Quizzes
Events
Quiz Creation
Community
Videos
Private Events
Remove Ads
Sign In
Join for FREE
Feedback
Dark Mode
Quiz Categories
Sports
Geography
Music
Movies
Television
Just For Fun
Miscellaneous
History
Literature
Language
Science
Gaming
Entertainment
Religion
Holiday
For Kids
Quiz Lab
Recent
Popular Today
Quiz Kudos Today
Editor Picks
Curator Picks
Quizzes by...
Day
Popularity
Type
Ratings
Length
Year
Community
Subscriptions
Recent Discussions
Orange Saloon
Badges
Playlists
Quests
Create
Leaderboards
Showdown
Live 5
Trivia Bingo
Activity
Puzzle Library
Sporcle Events
Private Events
Virtual Trivia
Globe League
Become a Host
Pub Owners
SporcleCon
Opinionation
Our Games
Videos
Blog
Mobile Apps
Partnerships
Remove Ads and Go Orange
Feedback
Movies
Disney
Marvel Cinematic Universe
Movie Resume
Movie Titles
Oscar
Actor
Actress
Director
Pixar
Role
Movie Quotes
Movie Characters
Box Office
Nominee
Best Picture
Star Wars
James Bond
Horror Movies
Movies
Disney
Marvel Cinematic Universe
Movie Resume
Movie Titles
Oscar
Actor
Actress
Director
Pixar
Role
Movie Quotes
Movie Characters
Box Office
Nominee
Best Picture
Star Wars
James Bond
Horror Movies
Random Quiz
Search Sporcle
×
Quiz Lab
Quiz Lab
Movies
Clip
Type in answers that appear in a list
Type in answers that appear in a list
Classic
Best Score? Go Orange.
Can you name the movie these dance scenes come from? Stats
Can you name the Can you name the movie these dance scenes come from??
By
die2nitelive4eva
20m
147 Questions
170 Plays
170 Plays
170 Plays
Comments
Comments
Give Quiz Kudos
Give Quiz Kudos
-
- Ratings
hide this ad
Replay
Link that replays current quiz
Next Quiz
Link to next quiz in quiz playlist
You Got
0%
They Got
Avg Score
40%
Avg Friend Score
Upgrade to see
Score Distribution
Jump to the score distribution portion of the page
Score
0/147
Timer
20:00
0
Plays Today
Time
Movie
% Correct
0:04-
0:07
Grease
97.6%
1:37
Grease
92.4%
1:52-
1:53
Grease
92.4%
2:13-
2:15
Grease
92.4%
2:49
Grease
92.4%
0:22-
0:23
Austin Powers
85.3%
2:42-
2:43
Dirty Dancing
85.3%
2:46-
2:47
Dirty Dancing
85.3%
2:57
Dirty Dancing
85.3%
0:08-
0:10
Moulin Rouge
84.1%
3:28-
3:33
Austin Powers
84.1%
0:14 -
-
0:15
Singing in the rain
83.5%
3:00-
3:08
Beauty and the beast
83.5%
0:49-
0:50
Black Swan
82.9%
0:17
Moulin rouge
81.8%
0:32 -
-
0:36
Chicago
80.6%
0:10-
0:13
Moulin Rouge
79.4%
2:43-
2:45
Singing In The Rain
78.8%
4:18-
4:22
Moulin Rouge
78.2%
2:15-
2:17
Pulp Fiction
77.6%
2:25-
2:27
Pulp Fiction
77.6%
2:50-
2:51
Pulp Fiction
77.6%
4:28
Pulp Fiction
77.1%
5:10-
5:11
Moulin rouge
77.1%
4:49-
4:50
Pulp Fiction
76.5%
4:48-
5:00
Pulp Fiction
76.5%
0:21-
0:22
Happy Feet
75.3%
1:36
Hairspray
75.3%
4:14-
4:15
Hairspray
74.7%
0:13
Mean Girls
72.4%
3:39
Saturday Night Fever
71.8%
0:18-
0:21
Slumdog Millionaire
71.2%
0:37
Flashdance
71.2%
0:00-
0:03
Rocky Horror Picture Show
70.6%
0:56 -
-
0:58
High School Musical
70%
2:09 -
-
2:12
Mean Girls
68.8%
3:40-
3:41
Breakfast club
68.8%
4:25
Flashdance
68.8%
4:33
Breakfast Club
68.8%
4:42-
4:45
The Breakfast Club
68.8%
0:40-
0:45
Big
67.6%
3:08-
3:11
Breakfast Club
67.6%
5:01
Breakfast Club
67.1%
0:16
Rocky Horror Picture Show
65.9%
3:42-
3:43
Harry Potter and the Goblet of fire
65.9%
4:31-
4:32
Harry Potter and the Goblet of fire
65.9%
5:25-
5:28
Rocky Horror Picture Show
64.1%
5:40
Rocky Horror Picture Show
64.1%
0:38 -
-
0:40
Billy Elliot
61.8%
Time
Movie
% Correct
0:55-
0:56
Jailhouse Rock
61.8%
1:32 -
-
1:33
Billy Elliot
61.2%
4:16-
4:17
West side Story
61.2%
4:06-
4:09
Addams family
60%
5:37-
5:39
Billy Elliot
60%
4:37-
4:40
Harry Potter and the Goblet of fire
57.1%
3:27-
3:28
Charlie's angels
54.7%
4:03-
4:05
Coyote Ugly
54.1%
3:49-
3:51
Enchanted
51.8%
5:14-
5:15
Enchanted
51.8%
2:58-
3:00
Love Actually
51.2%
4:10-
4:11
Love actually
51.2%
5:42
Love Actually
50.6%
0:59
Sin City
42.9%
4:52-
4:54
The full monty
42.4%
5:20-
5:23
Cabaret
42.4%
1:18-
1:20
Sin City
41.8%
5:02-
5:03
Ferris Buellers day of
41.2%
3:23-
3:26
Hitch
38.8%
1:31
Fame
38.2%
1:33-
1:34
Some like it hot
38.2%
3:14-
3:17
Tropic Thunder
37.1%
4:54-
4:56
Easy A
37.1%
0:30-
0:31
Shall We Dance?
36.5%
1:04-
1:06
Nine
36.5%
1:57-
2:00
Nine
36.5%
2:23-
2:24
Nine
36.5%
3:18-
3:23
Reservoir Dogs
36.5%
4:29-
4:30
Nine
36.5%
2:28-
2:30
Nine
35.9%
5:12-
5:13
Nine
35.3%
1:10 -
-
1:11
Shall we dance?
34.7%
0:51
Shall we dance?
34.1%
3:55-
3:58
Priscilla Queen of the desert
31.8%
4:50-
4:51
Priscilla Queen of the desert
31.2%
1:28-
1:30
500 days of Summer
30.6%
5:07-
5:09
Mr and Mrs. Smith
30.6%
5:37
500 days of Summer
30%
2:54-
2:56
Evita
28.8%
1:40-
1:46
A Knights Tale
24.7%
2:33-
2:34
Strictly Ballroom
22.4%
5:05-
5:06
Revolutionary Road
21.8%
2:06-
2:09
Men in Tights
21.2%
1:13-
1:15
She's all that
20%
5:24
She's all that
18.2%
1:26 -
1:27
Clerks 2
17.6%
3:44-
3:47
Boogie Nights
17.6%
5:28-
5:33
Boogie Nights
17.6%
2:48
Top Hat
17.1%
Time
Movie
% Correct
4:26-
4:28
Clerks 2
17.1%
1:12-
1:12
Blues Brothers
15.9%
1:48-
1:51
Blues Brothers
15.9%
2:53
Oliver
15.3%
0:46-
0:48
Bugsy Malone
14.7%
5:04
Oliver
14.7%
5:41
Bugsy Malone
14.7%
0:25 -
-
0:26
The Red Shoes
14.1%
3:34-
3:36
Empire Records
14.1%
3:59-
4:02
Muriel's wedding
14.1%
3:12-
3:13
Empire Records
13.5%
4:23-
4:25
The Boat that rocked
13.5%
4:34-
4:35
Boat that rocked
13.5%
5:33
Boat that rocked
13.5%
1:47
Across the universe
12.9%
3:48
Wild Child
12.4%
3:37-
3:38
Knocked up
11.2%
0:24
Get Him to the Greek
9.4%
1:00-
1:03
Get Him to the Greek
9.4%
1:08-
1:10
Get Him to the Greek
9.4%
2:05
Get Him to the Greek
8.8%
2:52-
2:53
White Nights
8.8%
4:57
From dusk till dawn
8.2%
0:51 -
0:54
Charlie's angels 2
7.6%
1:21
Charlie's Angels 2
7.6%
2:27
DreamGirls
7.1%
5:23-
Charlie's Angels 2
7.1%
2:18
Planet Terror
5.3%
4:12-
4:14
Tommy
5.3%
2:39-
2:41
House of the flying daggers
4.7%
1:16-
1:17
Rock and Rolla
4.1%
2:01-
2:04
Imaginarium of Doctor Parnassus
4.1%
2:19-
2:23
Rock and Rolla
4.1%
0:27-
0:29
The Band Wagon
3.5%
2:31-
2:32
Holiday Inn
3.5%
5:33-
5:36
Along came Polly
3.5%
2:00
Holiday Inn
2.9%
4:35-
4:36
Layer Cake
2.9%
0:37
Greek Zorba
2.4%
4:46-
4:48
Perfect
2.4%
1:23-
1:25
There's no business like show business
1.8%
1:38 -
1:39
Noel
1.8%
1:54-
1:56
There's no business like show business
1.8%
2:35-
2:38
There's no business like show business
1.8%
3:52-
3:54
I know who killed me
1.8%
1:22
Romance and Cigarettes
1.2%
4:40-
4:42
Easy Virtue
1.2%
5:16-
5:20
Repo the generic opera
1.2%
1:07
Bugy Malone
0.6%
Quiz Playlist
Details
Report
Send in Message
Add To Playlist
Classic:
Type in answers that appear in a list
Quiz Source
Last Updated: Feb 16, 2017
Quiz Scoreboard
CHALLENGE
Sign Up to Join the Scoreboard
Show All
Scores
Hide
Comments
May contain spoilers
Recently Published
Billboard Blitz: Fleetwood Mac
by CooCooCachoo
Music
15s
Presidents Visiting Landmarks
by Hejman
History
7m
An Introduction to Baseball
by treessimontrees
Sports
5m
More to Explore
Quiz From the Vault
Featured Blog Post
Where Did the Easter Bunny Come From?
hide this ad
You Might Also Like...
Tags
Clip Quiz
Nintendo Quiz
Video Clips
Today's Top Quizzes in Movies
Browse Movies
hide this ad
Today's Top Quizzes in Clip
Browse Clip
Top Contributed Quizzes in Movies
1
Pick 5 Posters: Directed by Spielberg
2
7-to-1: Pixar Characters
3
Pick 5 Posters: Lowest-Rated Spielberg
4
Sorting Actors
5
Pick 5 Posters: Directed by Scorsese
6
Sorting Actresses
7
Pick 5 Posters: Star & Director
8
Pick 5 Posters: Women Directed 2020s
9
12 Movies about Fictional 1960s Events
10
Multi-Oscar Nominations, One Movie, One Winner
Explore More
Trending Topics
Anime
Kpop
Crossword
Disney
Marvel
NBA
Harry Potter
Pokémon
Song
Puzzle
The Office
Soccer
NFL
WWE
Country
hide this ad
More By:
die2nitelive4eva
Quiz
Plays
Rating
Category
Featured
Created
Guess The Actor By The Movie (300)
671
3.00
Movies
Feb 7, 2013
Total Film's 100 Sexiest Movie Stars
529
2.92
Movies
May 13, 2016
Complex 100 hottest women in music
514
4.00
Music
Mar 1, 2014
Total Film's 200 Greatest Performances
474
1.17
Movies
Jul 4, 2013
2000 in Music (Clips)
428
3.80
Music
May 22, 2016
Go to Creator's Profile
Score Distribution
Quiz Creator Spotlight
die2nitelive4eva
Follow
Send a Message
Quizzes Created
-
Created Quiz Play Count
-
More By This Creator
Popular Quizzes Today
1
Find the US States - No Outlines Minefield
2
Find the Countries of Europe - No Outlines Minefield
3
The Countries of the World
4
Find the US States
5
US States
6
Risky Map Clicking: Biggest States A-Z
7
Popular People in 1961
8
Movies - When Are They Set?
More Movies Quizzes
Whom Did Jim Carrey Play?
Published
Trending Quizzes
Risky Map Clicking: Least Populous States A-Z
1-10 Letter G Words
1-10 Letter F Words
Risky Map Clicking: Next State Alphabetically
Risky Map Clicking: Biggest States A-Z
Recently Updated
Leaping Animals
pecheneg
Reality TV Shows (A-Z)
bhenderson79
Rickey Henderson's Hall of Fame Teammates
pecheneg
Champions League XIs: Arsenal
pecheneg
Quick Pick: Celebrities in WWE's Hall of Fame
aduchscher
A-Z Keypad Blitz II
pecheneg
Multiple Oscar Actors
pecheneg
Mystery Phrase Blitz: Oscar 'Best Actors'
pecheneg
F. Scott Fitzgerald Novels
LTH
Pick 3 Villains
ddd62291
Trending Topics
Disney
Anime
NBA
Marvel
Crossword
Kpop
Harry Potter
Soccer
NFL
Puzzle
The Office
WWE
Pokémon
Country
Song
Your Account Isn't Verified!
In order to create a playlist on Sporcle, you need to verify the email address you used during registration. Go to your
Sporcle Settings
to finish the process.
Report this User
Report this user for behavior that violates our
Community Guidelines
.
Details:
Send Report
Go to the Sporcle.com Mobile Site →
Comments